| 000 | 01352cam a22003251i 4500 | ||
|---|---|---|---|
| 003 | SA-RiAUC | ||
| 005 | 20250409073758.0 | ||
| 008 | 250329s1984 su g 00000dara c | ||
| 040 |
_aSA-RiKAPL _bara _cSA-RiAUC _erda |
||
| 050 | 4 | _bB46. 1984 | |
| 072 | 7 | _a025 | |
| 082 | 0 | 4 |
_a227.2 _qSA-RiAUC |
| 090 |
_a227.2 _b ا ب ن ش |
||
| 100 | 1 |
_aابن الشريف، محمود _eمؤلف. |
|
| 245 | 1 | 0 |
_aالطبري ومنهجه في التفسير / _cمحمود بن الشريف. |
| 250 | _aالطبعة الأولى. | ||
| 264 | 1 |
_aالرياض : _bشركة مكتبة عكاظ، _c1984 |
|
| 300 |
_a111 صفحة ؛ _c24 سم |
||
| 336 |
_aنص _btxt _2rdacontent _3كتاب |
||
| 337 |
_aبدون وسيط _bn _2rdamedia |
||
| 338 |
_aمجلد _bnc _2rdacarrier |
||
| 600 | 1 | 7 |
_aابن جرير الطبري، محمد بن جرير بن يزيد، _d224-310 هجري _2aucnm |
| 630 | 2 | 7 |
_aالقرآن _xتفسير _2aucut |
| 630 | 2 | 7 |
_aالقرآن _xألفاظ _2aucut |
| 700 | 1 | 2 |
_iشرح لـ (عمل) : _aابن جرير الطبري، محمد بن جرير بن يزيد، _d224-310 هجري. _tتفسير الطبري، المسمى، جامع البيان في تفسير القرآن. |
| 730 | 2 | 2 | _aالقرآن |
| 942 |
_2ddc _cBOOK _n0 |
||
| 949 |
_aSA-JeALM _d250329 _umohamedma123 _n1 |
||
| 999 |
_c6807 _d6807 |
||